Robbins Basic Pathology / (Record no. 35399)

MARC details
000 -LEADER
fixed length control field 00579nam a22002057a 4500
005 - DATE AND TIME OF LATEST TRANSACTION
control field 20241010132504.0
008 - FIXED-LENGTH DATA ELEMENTS--GENERAL INFORMATION
fixed length control field 240320b |||||||| |||| 00| 0 eng d
020 ## - INTERNATIONAL STANDARD BOOK NUMBER
ISBN 9788131210369
082 ## - DEWEY DECIMAL CLASSIFICATION NUMBER
Classification number 616.07
Item number KUM-R
100 ## - MAIN ENTRY--AUTHOR
Author Name Kumar, Vinay
245 ## - TITLE STATEMENT
Title Robbins Basic Pathology /
Statement of responsibility, etc. Kumar Vinay, Abul Abbas K, Nelson Fausto MD,
250 ## - EDITION STATEMENT
Edition statement 8th ed.
260 ## - PUBLICATION, DISTRIBUTION, ETC.
Place of Publication Canada :
Name of publisher, distributor, etc. Elsevier ;
Date of publication, distribution, etc. 2007.
300 ## - PHYSICAL DESCRIPTION
Pages xi; 946p. :
500 ## - GENERAL NOTE
General note Include Index .
650 ## - SUBJECT ADDED ENTRY--TOPICAL TERM
Subject / Department Medical / Pathology
700 ## - ADDED ENTRY--PERSONAL NAME
Personal name Abbas, Abul K
700 ## - ADDED ENTRY--PERSONAL NAME
Personal name Nelson Fausto MD,
300 ## - PHYSICAL DESCRIPTION
-- ill;
-- 27 cm.
952 ## - LOCATION AND ITEM INFORMATION (KOHA)
-- 0
-- 0
952 ## - LOCATION AND ITEM INFORMATION (KOHA)
-- 0
-- 0
952 ## - LOCATION AND ITEM INFORMATION (KOHA)
-- 0
-- 0
Holdings
Lost status Damaged status Collection code Permanent Location Current Location Shelving Location Date acquired Full Call Number Accession No./Barcode Date last seen Copy number item type Koha item type
    Medical Superior Information Resource Center (SIRC) Superior University- Main Campus Superior Information Resource Center (SIRC) Superior University- Main Campus Pathology 03/20/2024 616.07 KUM-R 2007 4092 08/27/2025 1 BOOK BOOK
    Medical Superior Information Resource Center (SIRC) Superior University- Main Campus Superior Information Resource Center (SIRC) Superior University- Main Campus Pathology 03/20/2024 616.07 KUM-R 2007 4087 07/04/2025 2 BOOK BOOK
    Medical Superior Information Resource Center (SIRC) Superior University- Main Campus Superior Information Resource Center (SIRC) Superior University- Main Campus Pathology 10/09/2024 616.07 KUM-R 2007 4090 09/11/2025 3 BOOK BOOK

Powered by Koha